|
|
|
|
| LEADER |
00000nam0a2200000 4500 |
| 001 |
180832 |
| 005 |
20231101223558.0 |
| 010 |
|
|
|a 9785772904138
|
| 035 |
|
|
|a (RuTPU)RU\TPU\book\196036
|
| 090 |
|
|
|a 180832
|
| 100 |
|
|
|a 20100526d2009 m y0rusy50 ca
|
| 101 |
0 |
|
|a rus
|
| 102 |
|
|
|a RU
|
| 105 |
|
|
|a y j 001zy
|
| 200 |
1 |
|
|a Экономика и финансы предприятия
|e учебник
|f В. В. Воронов
|g Российская академия государственной службы при Президенте Российской Федерации (РАГС)
|
| 210 |
|
|
|a Москва
|c РАГС
|d 2009
|
| 215 |
|
|
|a 146 с.
|
| 320 |
|
|
|a Библиогр.: с. 139-141.
|
| 330 |
|
|
|a Рассматриваются различные аспекты деятельности предприятия, в том числе - управление, финансы, ценообразование, организация выпуска продукции, маркетинг. Для студентов высших учебных заведений, изучающих экономику и финансы, а также для-руководителей и специалистов предприятий, слушателей курсов повышения квалификации и широкого круга читателей.
|
| 606 |
1 |
|
|a Предприятия
|x Экономика
|2 stltpush
|3 (RuTPU)RU\TPU\subj\36689
|9 57982
|
| 606 |
1 |
|
|a Предприятия
|x Финансы
|2 stltpush
|3 (RuTPU)RU\TPU\subj\68348
|9 83737
|
| 610 |
1 |
|
|a управление
|
| 610 |
1 |
|
|a регистрация
|
| 610 |
1 |
|
|a маркетинг
|
| 610 |
1 |
|
|a сбыт
|
| 610 |
1 |
|
|a продукция
|
| 610 |
1 |
|
|a производство
|
| 610 |
1 |
|
|a капитал
|
| 610 |
1 |
|
|a инвестиции
|
| 610 |
1 |
|
|a бизнес-планы
|
| 610 |
1 |
|
|a затраты
|
| 610 |
1 |
|
|a ценообразование
|
| 610 |
1 |
|
|a персонал
|
| 610 |
1 |
|
|a труд
|
| 610 |
1 |
|
|a мотивация
|
| 610 |
1 |
|
|a бухгалтерский учет
|
| 610 |
1 |
|
|a финансовая отчетность
|
| 610 |
1 |
|
|a налогообложение
|
| 610 |
1 |
|
|a финансовое состояние
|
| 610 |
1 |
|
|a диагностика
|
| 610 |
1 |
|
|a анализ
|
| 610 |
1 |
|
|a аудит
|
| 610 |
1 |
|
|a учебники
|
| 686 |
|
|
|a У9(2)29я73
|v LBC/SL-A
|2 rubbk
|
| 686 |
|
|
|a У9(2)261.9я73
|v LBC/SL-A
|2 rubbk
|
| 700 |
|
1 |
|a Воронов
|b В. В.
|g Виктор Васильевич
|
| 712 |
0 |
2 |
|a Российская академия государственной службы при Президенте Российской Федерации (РАГС)
|c (Москва)
|2 stltpush
|3 (RuTPU)RU\TPU\col\921
|
| 801 |
|
1 |
|a RU
|b 63413507
|c 20100526
|
| 801 |
|
2 |
|a RU
|b 63413507
|c 20150528
|g RCR
|
| 942 |
|
|
|c BK
|
| 959 |
|
|
|a 33/20100524
|d 2
|e 163,00
|f АНЛ:1
|f ЧЗГЛ:1
|